Catalog

Record Details

Catalog Search



The sweet smell of magnolias and memories / ... Read More

Available copies

  • 1 of 1 copy available at LARL/NWRL Consortium.
  • 1 of 1 copy available at Northwest Regional Library. (Show)

Current holds

0 current holds with 1 total copy.

Show Only Available Copies
Location Call Number / Copy Notes Barcode Shelving Location Status Due Date
Warroad Public Library MCH (Text) 35500006263014 Main Available -

Record details

  • ISBN: 9780718039844 (softcover/readers guide)
  • ISBN: 071803984X (softcover/readers guide)
  • Physical Description: 281 pages ; 22 cm.
  • Publisher: Nashville, Tennessee : Thomas Nelson, [2017]

Content descriptions

General Note:
Contains a readers' guide.
Summary, etc.:
"Celeste McHale delivers another genuine Southern ... Read More
Subject: Floods > Fiction.
Clergy > Fiction.
Memory > Fiction.
Mississippi > Fiction.
Christian fiction.
Amnesia.
Life change events.
Man-woman relationships.
Genre: Christian fiction.
Love stories.
Romance fiction.
Fiction.
Romance fiction.
LDR 02062cam a2200517 i 4500
001340017
003LARL_NWRL_CONSORTIUM
00520200129181654.0
008170227s2017 tnu 000 1 eng
010 . ‡a2017004726
019 . ‡a987509849
020 . ‡a9780718039844 (softcover/readers guide)
020 . ‡a071803984X (softcover/readers guide)
035 . ‡a(OCoLC)952979687 ‡z(OCoLC)987509849
040 . ‡aDLC ‡beng ‡erda ‡cDLC ‡dBTCTA ‡dBDX ‡dYDXCP ‡dILC ‡dDAD ‡dJAS ‡dPCX ‡dNPC ‡dOCJ ‡dJNE ‡dFMF ‡dOCLCF ‡dOQX ‡dIGA ‡dVP@ ‡dOCLCO
042 . ‡apcc
08200. ‡a813/.6 ‡223
1001 . ‡aMcHale, Celeste Fletcher, ‡d1961- ‡eauthor. ‡0(LARL_NWRL_CONSORTIUM)222055
24514. ‡aThe sweet smell of magnolias and memories / ‡cCeleste Fletcher McHale.
264 1. ‡aNashville, Tennessee : ‡bThomas Nelson, ‡c[2017]
300 . ‡a281 pages ; ‡c22 cm.
336 . ‡atext ‡btxt ‡2rdacontent.
337 . ‡aunmediated ‡bn ‡2rdamedia.
338 . ‡avolume ‡bnc ‡2rdacarrier.
500 . ‡aContains a readers' guide.
520 . ‡a"Celeste McHale delivers another genuine Southern story in The Sweet Smell of Magnolias and Memories. Jacey never intended to to settle down; but when the man of her dreams resurfaces, she must find out if she has the courage to finally fall in love"-- ‡cProvided by publisher.
650 0. ‡aFloods ‡vFiction. ‡0(LARL_NWRL_CONSORTIUM)164984
650 0. ‡aClergy ‡vFiction. ‡0(LARL_NWRL_CONSORTIUM)16972
650 0. ‡aMemory ‡vFiction. ‡0(LARL_NWRL_CONSORTIUM)166179
651 0. ‡aMississippi ‡vFiction. ‡0(LARL_NWRL_CONSORTIUM)166022
650 0. ‡aChristian fiction. ‡0(LARL_NWRL_CONSORTIUM)16668
650 7. ‡aAmnesia. ‡2fast ‡0(LARL_NWRL_CONSORTIUM)177452
650 7. ‡aLife change events. ‡2fast ‡0(LARL_NWRL_CONSORTIUM)176783
650 7. ‡aMan-woman relationships. ‡2fast ‡0(LARL_NWRL_CONSORTIUM)38460
655 7. ‡aChristian fiction. ‡2gsafd.
655 7. ‡aLove stories. ‡2gsafd.
655 7. ‡aRomance fiction. ‡2lcgft.
655 7. ‡aFiction. ‡2fast
655 7. ‡aRomance fiction. ‡2fast
901 . ‡a340017 ‡b ‡c340017 ‡tbiblio

Additional Resources